Prefix Click Quiz: N - Statistics

General Stats
  • This quiz has been taken 175 times
    170 since last reset
  • The average score is 12 of 15
Answer Stats
Hint Answer % Correct
Night Noct-
94%
Ship Naut-
92%
New Neo-
92%
Tell Narr-
89%
Nerve Neur-
87%
Nourish Nutri-
86%
Name Nomen-
85%
Dead Necr-
83%
No Neg-
82%
Kidney Nephr-
75%
Nothing Nihil-
75%
Born Nat-
73%
Cloud Neb-
73%
Snow Niv-
69%
Turnip Nap-
55%
No matching quizzes found
Score Distribution
Percent of People with Each Score
Percentile by Number Answered
Your Score History
You have not taken this quiz since the last reset